Agricultura ecológica : (Registro nro. 1128)

Detalles MARC
000 -CABECERA
Campo de control 00847nam a2200265 a 4500
005 - FECHA Y HORA DE LA ULTIMA TRANSACCION
Campo de control 20200104041518.0
008 - ELEMENTOS DE LONGITUD FIJA—INFORMACION GENERAL
Campo de control 140226b1998 ck ||||| |||| 00| 0 spa d
040 ## - FUENTE DE CATALOGACIÓN
Agencia catalogadora original CO-BoIAVH
Agencia transcriptora CO-BoIAVH
041 ## - IDIOMA
Código de idioma para texto/pista de sonido o título separado Español
044 ## - PAÍS DE PUBLICACIÓN
País de publicación Colombia
082 04 - NUMERO DE CLASIFICACION DECIMAL DEWEY
Número de clasificación 630
Número del ítem A27a
090 ## - CLASIFICACIÓN LOCAL
Colección LB
Consecutivo 01117
110 2# - ASIENTO PRINCIPAL--NOMBRE CORPORATIVO
Unidad subordinad Colombia
Nombre corporativo o de jurisdicción como elemento de entrada Ministerio de Agricultura y Desarrollo Rural
9 (RLIN) 6763
245 20 - MENCION DE TITULO
Título Agricultura ecológica :
Parte restante del título guía metodológica, inventario nacional
260 ## - PUBLICACION, DISTRIBUCION, ETC. (PIE DE IMPRENTA)
Lugar de publicación, distribución, etc. Bogotá
Nombre del editor, distribuidor, etc. Ministerio de Agricultura y Desarrollo Rural
Fecha de publicación, distribución, etc. 1998
300 ## - DESCRIPCION FISICA
Extensión 228 p.
Dimensiones 28 cm.
650 #4 - ASIENTO SECUNDARIO DE MATERIA - TERMINO TEMATICO
Término temático o nombre geográfico como elemento de entrada Agricultura
9 (RLIN) 304
650 #4 - ASIENTO SECUNDARIO DE MATERIA - TERMINO TEMATICO
Término temático o nombre geográfico como elemento de entrada Ecología
9 (RLIN) 85615
650 #4 - ASIENTO SECUNDARIO DE MATERIA - TERMINO TEMATICO
Término temático o nombre geográfico como elemento de entrada Agroecología
9 (RLIN) 230
650 #4 - ASIENTO SECUNDARIO DE MATERIA - TERMINO TEMATICO
Término temático o nombre geográfico como elemento de entrada Guía metodológica
9 (RLIN) 3834
650 #4 - ASIENTO SECUNDARIO DE MATERIA - TERMINO TEMATICO
Término temático o nombre geográfico como elemento de entrada Agroecosistemas
9 (RLIN) 85617
662 ## - ASIENTO SECUNDARIO DE MATERIA - JERARQUIA DEL NOMBRE DE LUGAR(
País o entidad mayor Colombia
710 ## - ASIENTO SECUNDARIO - NOMBRE CORPORATIVO
Nombre corporativo o de jurisdicción como elemento de entrada Corporación para la Conservación del Medio Ambiente
9 (RLIN) 25149
942 ## - ELEMENTOS ADICIONALES (KOHA)
Tipo de ítem Impreso
Sistema de clasificación Dewey Decimal Classification
Koha issues (borrowed), all copies 2
Existencias
Withdrawn status Lost status Sistema de Clasificación Damaged status No para préstamo Colección Inventariado Ubicación Permanente Ubicación actual Fecha de adquisición Valor Total Checkouts Número topográfico Inventario / Código de Barras Date last seen Ejemplar Price effective from Forma de adquisición Tipo de material Fuente de Valor Date checked out
    Dewey Decimal Classification     General Inventariado 2017 Bogotá Bogotá 11/03/2003 60000.00 1 LB-630 A27a 004814 22/09/2015 Ej.1 04/12/2012   Libro Uso y Valoración 22/09/2015
    Dewey Decimal Classification     General Inventariado 2017 Bogotá Bogotá 27/05/2003 60000.00 1 LB-630 A27a 004816 05/06/2015 Ej.2 04/12/2012   Libro Biocomercio 05/06/2015
    Dewey Decimal Classification     General Inventariado 2017 Sala Fabio Quevedo Sala Fabio Quevedo 11/04/1999 60000.00   LB-630 A27a 001528 04/12/2012 Ej. 4 04/12/2012 Donación Libro    
    Dewey Decimal Classification     General Inventariado 2017 Sala Fabio Quevedo Sala Fabio Quevedo 27/05/2003 60000.00   LB-630 A27a 014009 04/12/2012 Ej.3 04/12/2012   Libro Biocomercio